MARC details
| 000 -CABECERA |
| campo de control de longitud fija |
01185nam a2200289 a 4500 |
| 001 - NÚMERO DE CONTROL |
| campo de control |
000006859 |
| 003 - IDENTIFICADOR DEL NÚMERO DE CONTROL |
| campo de control |
DO-SdBNP |
| 005 - FECHA Y HORA DE LA ÚLTIMA TRANSACCIÓN |
| campo de control |
20260415174538.0 |
| 008 - DATOS DE LONGITUD FIJA--INFORMACIÓN GENERAL |
| campo de control de longitud fija |
090903s2008 dr ac 001 0bspa d |
| 020 ## - NÚMERO INTERNACIONAL ESTÁNDAR DEL LIBRO |
| ISBN cancelado o inválido |
9993476420 |
| 040 ## - FUENTE DE LA CATALOGACIÓN |
| Centro catalogador/agencia de origen |
DO-SdBNP |
| Lengua de catalogación |
spa |
| Centro/agencia transcriptor |
BNPHU |
| 082 ## - NÚMERO DE LA CLASIFICACIÓN DECIMAL DEWEY |
| Número de clasificación |
923.57293 |
| Número de documento/Ítem |
F363I, 2008 |
| 245 00 - MENCIÓN DE TÍTULO |
| Título |
Ideario del coronel Fernández Domínguez 1934-1965 / |
| Mención de responsabilidad, etc. |
compilador Héctor Lachapelle Díaz ; prólogo Mariano Lebrón Saviñón. |
| 250 ## - MENCIÓN DE EDICIÓN |
| Mención de edición |
4a. ed. |
| 260 ## - PUBLICACIÓN, DISTRIBUCIÓN, ETC. |
| Lugar de publicación, distribución, etc. |
Santo Domingo : |
| Nombre del editor, distribuidor, etc. |
Búho, |
| Fecha de publicación, distribución, etc. |
2008. |
| 300 ## - DESCRIPCIÓN FÍSICA |
| Extensión |
194 p. : |
| Otras características físicas |
il., retrs. ; |
| Dimensiones |
23 cm. |
| 490 1# - MENCIÓN DE SERIE |
| Mención de serie |
Publicaciones de la Comisión Permanente de Efemérides Patrias 2004-2008 |
| Designación de volumen o secuencia |
30 |
| 500 ## - NOTA GENERAL |
| Nota general |
Incluye índice onomástico |
| 504 ## - NOTA DE BIBLIOGRAFÍA, ETC. |
| Nota de bibliografía, etc. |
Incluye referencias bibliográficas y notas al pie de las páginas |
| 600 14 - PUNTO DE ACCESO ADICIONAL DE MATERIA--NOMBRE DE PERSONA |
| Nombre de persona |
Fernández Rodríguez, Rafael Tomás, |
| Fechas asociadas al nombre |
1934-1965 |
| 9 (RLIN) |
19048 |
| 650 #0 - PUNTO DE ACCESO ADICIONAL DE MATERIA--TÉRMINO DE MATERIA |
| Término de materia o nombre geográfico como elemento de entrada |
|
| 9 (RLIN) |
12155 |
| 651 #4 - PUNTO DE ACCESO ADICIONAL DE MATERIA--NOMBRE GEOGRÁFICO |
| Nombre geográfico |
República Dominicana |
| Subdivisión general |
Historia |
| Subdivisión cronológica |
Revolucción, 1965 |
| 9 (RLIN) |
2167 |
| 700 12 - PUNTO DE ACCESO ADICIONAL--NOMBRE DE PERSONA |
| Nombre de persona |
Lebrón Saviñon, Mariano |
| Fechas asociadas al nombre |
1922-2014 |
| Término indicativo de función/relación |
pról. |
| 9 (RLIN) |
7227 |
| 830 #0 - PUNTO DE ACCESO ADICIONAL DE SERIE-TÍTULO UNIFORME |
| Título uniforme |
Publicaciones de la Comisión Permanente de Efemérides Patrias 2004-2008 |
| Designación de volumen o secuencia |
30 |
| 9 (RLIN) |
19049 |
| 910 ## - DATOS DE OPCIÓN DEL USUARIO (OCLC) |
| Datos de opción del usuario |
Validado. Control de calidad MMOLINA |
| 942 ## - ELEMENTOS DE PUNTO DE ACCESO ADICIONAL (KOHA) |
| Fuente del sistema de clasificación o colocación |
Dewey Decimal Classification |
| Tipo de ítem Koha |
Libro |